Actresses by Words from Movie Titles Quiz Stats

 Plays Quiz Updated Oct 17, 2016

Challenge
Share
Tweet
Embed
Score 0/40 Timer 05:00
5 Plays Today
Words from Movie Titles Actress % Correct
Sally, Sleepless, MailMeg Ryan
90.2%
Mystic, Magnolias, NottingJulia Roberts
89.5%
Congeniality, Floats, SleepingSandra Bullock
88.1%
Panic, Tate, LambsJodie Foster
87.4%
Blonde, Alabama, LineReese Witherspoon
86.6%
Croft, Smith, ShepherdAngelina Jolie
83%
Julia, Sophie's, Lieutenant'sMeryl Streep
78%
Banger, Thelma, WalkingSusan Sarandon
75%
Swan, Boleyn, VendettaNatalie Portman
74.1%
Itch, Hot, BlondesMarilyn Monroe
72.9%
Attraction, Liaisons, DalmatiansGlenn Close
70.5%
Calm, Thunder, MoulinNicole Kidman
69.4%
Shakespeare, Ripley, CountryGwyneth Paltrow
65.7%
Wanda, Steel, FreakyJamie Lee Curtis
64.7%
Purple, Jumpin', SisterWhoopi Goldberg
64.1%
Fools, Monster's, IsaiahHalle Berry
61.8%
Instinct, Quick, RecallSharon Stone
60.8%
Cry, Necklace, MillionHilary Swank
59.5%
Mean, Freaky, LoadedLindsay Lohan
58.9%
McPhee, Remains, HowardsEmma Thompson
58.5%
Words from Movie Titles Actress % Correct
Adam's, Dinner, PondKatharine Hepburn
56.3%
Smokey, Norma, MaliceSally Field
54.2%
Princess, Rachel, DrugsAnne Hathaway
50.1%
Velvet, Woolf, TinElizabeth Taylor
49.5%
Mary, Millie, VictoriaJulie Andrews
49.4%
Dangerously, Busters, GorillasSigourney Weaver
46.1%
Syndrome, Horseman, PondJane Fonda
45.4%
Annie, Goodbar, BoomDiane Keaton
44.3%
Dolly, Doc, WereBarbra Streisand
43.2%
Bonnie, Crown, CondorFaye Dunaway
41.7%
Eve, Happened, VoyagerBette Davis
38.9%
Sugarland, Foul, BenjaminGoldie Hawn
38.7%
Arizona, Broadcast, FirecrackerHolly Hunter
38.1%
Gillian, Frankie, BakerMichelle Pfeiffer
36%
Endearment, Officer, ShelteringDebra Winger
32.5%
Rebel, Splendor, WestNatalie Wood
26.3%
Sleep, Passage, LargoLauren Bacall
25.2%
McCabe, Zhivago, FahrenheitJulie Christie
24.4%
B.C., Bomber, MusketeersRaquel Welch
15.1%
Joan, Mary's, TollsIngrid Bergman
13.5%

You're not logged in!

Compare scores with friends on all Sporcle quizzes.
OR
Log In

You Might Also Like...

Show Comments

Extras

Top Quizzes Today


Score Distribution

Your Account Isn't Verified!

In order to create a playlist on Sporcle, you need to verify the email address you used during registration. Go to your Sporcle Settings to finish the process.

Report this User

Report this user for behavior that violates our Community Guidelines.

Details: